Представление документа в формате RUSMARC

ПолеНазваниеЗначение
  Тип записи a
  Библиографический уровень a
001 Контрольный номер RU/CBS_UL/BASE/f92c187b61bc44d086666bdaca15e77a
005 Дата корректировки 20260311174643.6
100 Данные общей обработки __
a Данные общей обработки 20260311 ||| 0rusy0189 ca
101 Язык документа 0_
a Язык текста rus
102 Страна публикации __
a Страна публикации RU
200 Заглавие и сведения об ответственности 1_
a Заглавие Александр Гордон. "Сначала влюбляюсь, потом смотрю на возраст"
e Сведения, относящиеся к заглавию [о телеведущем А. Гордоне]
f Первые сведения об ответственности О. Зайчук
300 Общие примечания __
a Общие примечания 16+
461 Уровень набора _0
1 2000
a Дарья. Биография
463 Уровень физической единицы _0
1 2000
a № 2
v С. 4-5 : фот.
1 2101
d 2026
1 001RU/CBS_UL/BASE/5745292b1ddd4125abeeaecd6b96289f
600 Персоналии _1
a Персоналии (Фамилия) Гордон
b Персоналии (Имя, инициалы) А.Г.
606 Тематические рубрики 0_
a Основная рубрика Гордон, Александр Гарриевич (1964)
610 Ключевые слова 0_
a Ключевые слова телеведущие российские, радиоведущие советские, киноактёры, кинорежиссёры
686 Индексы других классификаций __
2 Код системы rubbk
a Классификационный индекс 76.032
700 Автор _1
a Фамилия Зайчук
b Имя (инициалы) О.
801 Источник записи _0
a Страна RU
b Организация МБУК ЦБС г. Ульяновска
c Дата составления 20260311
g Правила каталогизации RCR
801 Источник записи _1
a Страна RU
b Организация МБУК ЦБС г. Ульяновска
c Дата составления 20260311
g Правила каталогизации RCR
901 Тип документа __
t Тип документа b
w Контрольный № источника RU/CBS_UL/BASE/5745292b1ddd4125abeeaecd6b96289f
909 Создатель записи __
a Создатель записи lib1